000 00848nam a22003137a 4500
001 BR8905481
003 BR-BrBNA
005 20230928093331.0
007 ta
008 230509b bl.||||| |||| 00| 0 por d
040 _aBR-BrBNA
_bpor
_cBiblioteca Nacional de Agricultura
041 _a(Por)
072 _aM12; L51; L40
_b8520
090 _ 8520 BR8905481
110 1 _aAssociacao Nacional de Ranicultura e dos Ranicultores, Sao Paulo, SP (Brasil)
_9668
245 1 _aCurso basico de ranicultura
260 3 _aSao Paulo, SP (Brasil):
_c1986.
300 _a106 p.
650 _aRANICULTURA
650 _aMANEJO
650 _aNUTRICAO ANIMAL
650 _aRA
650 _aABATE
650 _aTAXONOMIA ANIMAL
650 _aREPRODUCAO ANIMAL
650 _aANATOMIA ANIMAL
909 _a202309
_bLucia
_c55
_dLucia Elande
942 _cBK
999 _c44376
_d44376